De Smith a Keynes : siete lecciones de historia del pensamiento económico /

Guardat en:
Dades bibliogràfiques
Autor principal: Kicillof, Axel (autor)
Altres autors: Cordera Campos, Rolando (presentación) (presentación)
Format: Llibre
Idioma:espanyol
Publicat: México : Siglo XXI : EUDEBA, 2019, c2019
Col·lecció:(Economía y Demografía)
Matèries:
Etiquetes: Afegir etiqueta
Sense etiquetes, Sigues el primer a etiquetar aquest registre!

MARC

LEADER 00000nam^a2200000^a^4500
001 000415348
005 20250521000000.0
009 20260526144118.509
020 |a 978-607-03-1028-7 
037 |a Acervo ITESO - Biblioteca 
041 |a ESP 
082 |a 330. 15  |b KIC 
100 |a Kicillof, Axel  |e (autor) 
245 1 0 |a De Smith a Keynes :  |b siete lecciones de historia del pensamiento económico /  |c A. Kicillof ; presen. de R. Cordera Campos. 
264 4 |a México :  |b Siglo XXI :  |b EUDEBA,  |c 2019, c2019 
300 |a XV, 372 p. 
336 |a texto  |b txt  |2 rdacontenido 
337 |a sin mediación  |b n  |2 rdamedio 
338 |a volumen  |b nc  |2 rdasoporte 
440 1 |a (Economía y Demografía) 
521 |a FIL 2019 EEnlace Departamento de Estudios Sociopolíticos y Jurídicos 
649 |a XX 
650 |a Liberalismo y Neoliberalismo Económicos -  |x Tema Principal 
650 |a Escuela Clásica (Economía) 
650 |a Economía Política 
650 |a Economía Keynesiana 
650 |a Economía -  |x Teoría -  |x Tema Principal 
650 |a Smith, Adam 
650 |a Ricardo, David 
650 |a Marshall, Alfred 
650 |a Keynes, John Maynard 
650 |a Marx, Karl 
700 |a Cordera Campos, Rolando  |e (presentación) 
910 |a Fondo General 
920 |a Impresos - Libros 
930 |a Colección General 
905 |a 101 
901 |a 0500324224  |b IT1  |c ACC  |i C168665  |u 20250521 
902 |a https://opac.biblio.iteso.mx/vufind/Record/000415348